| 000 | 01940 a2200253 4500 | ||
|---|---|---|---|
| 003 | OSt | ||
| 005 | 20180116192327.0 | ||
| 008 | 120420t xxu||||| |||| 00| 0 eng d | ||
| 020 | _a0419236007 (paperback) | ||
| 020 | _a9780419236009 (paperback) | ||
| 040 | _c0 | ||
| 082 | 0 | 4 | _a720.284 |
| 100 | 1 |
_aGiddings, Bob. _9911 |
|
| 245 | 1 | 0 |
_aArtists' impressions in architectural design / _cBob Giddings, Margaret Horne. |
| 260 |
_a[S.l.] : _bTaylor & Francis, _c2002. |
||
| 300 |
_a216 p. ; _c26 cm. |
||
| 520 | _aPeople have always been fascinated with how an intended building will look. Clearly, architects' clients will have a vested interest in seeing impressions of their buildings before construction begins. However, members of the public have always expressed a desire to find out what is proposed for their town, village or city. In addition, artists' impressions have been extensively used to gain support for building projects in terms of publicity and fund raising; and as illustrations for articles about the construction industry and the history of architecture. Understanding how buildings are envisioned is central to people's view of architectural design. Artists' Impressions in Architectural Design looks at the the ways in which architects have represented their designs for clients and the public, both historically and contemporarily. It covers the period from the 15th to the 21st century. Featuring some of the best known buildings by the best known architects; this book places the exciting technological development of today in context with the rich historical heritage of the past. | ||
| 650 |
_aArchitecture _9912 |
||
| 650 |
_aArchitectural drawing _xTechniques _9913 |
||
| 700 | 1 |
_aHorne, Margaret. _9914 |
|
| 856 | 4 | 0 |
_3Amazon.com _uhttp://www.amazon.com/exec/obidos/ASIN/0419236007/chopaconline-20 |
| 942 |
_aSADA _cBK _k720.284 GID 2002 _2ddc |
||
| 999 |
_c352217 _d352217 |
||